| 000 | 01004nam a2200313 a 4500 | ||
|---|---|---|---|
| 003 | AR-BaBNM | ||
| 005 | 20251128203651.0 | ||
| 008 | 082120s2002 ||||||||||||||000 | spa|| | ||
| 040 | _cAR-BaBNM | ||
| 100 | 1 | _aDel Valle, Rodolfo A. | |
| 245 | 0 | 0 | _aInterpretación preliminar de las edades K/Ar y de los análisis químicos de las rocas volcánicas y de los diques de los nunataks foca, Antártida |
| 260 |
_aBuenos Aires _bDirección Nacional del Antártico _c1983 |
||
| 300 |
_a13 p. _bgráfs., il. |
||
| 490 | 0 |
_aInstituto Antártico Argentino _vv. 287 |
|
| 504 | _aBibliografía p. 8 | ||
| 650 | 4 | _aREGIONES POLARES | |
| 650 | 4 | _aZONAS CLIMATICAS | |
| 650 | 4 | _aOCEANOGRAFIA | |
| 650 | 4 | _aEXPEDICIONES CIENTIFICAS | |
| 650 | 4 | _aEXPLORACION OCEANICA | |
| 650 | 4 | _aINVESTIGACION CIENTIFICA | |
| 650 | 4 | _aEXPLORACION DE RECURSOS | |
| 650 | 4 | _aGEOLOGIA | |
| 651 | 4 | _aAntártida | |
| 700 | 1 | _aFourcade, Néstor H. | |
| 700 | 1 | _aMedina, Francisco A. | |
| 942 | _cBK | ||
| 998 | _cmariana | ||
| 999 |
_c4401 _d4401 |
||